| 000 | 00945nam a22002777a 4500 | ||
|---|---|---|---|
| 999 |
_c8410 _d8410 |
||
| 001 | 22104 | ||
| 003 | BD-DhUAP | ||
| 005 | 20240309134411.0 | ||
| 008 | 240309b19812011ny a|||| |||| 000 0ceng d | ||
| 010 | _a 80042040 | ||
| 020 | _a052170658 | ||
| 020 | _a9780521706780 | ||
| 040 |
_aDLC _cBD-DhUAP _dBD-DhUAP _beng |
||
| 082 | 0 | 0 |
_a428.64 GRE _219 |
| 100 | 1 | _aGrellet, Françoise. | |
| 245 | 1 | 0 |
_aDeveloping reading skills : _ba practical guide to reading comprehension exercises / _cFrançoise Grellet. |
| 260 |
_aCambridge [Cambridgeshire] ; _aNew York : _bCambridge University Press, _c1983, c2011. |
||
| 300 |
_a252 p. ; _c22 cm. |
||
| 440 | 0 | _aNew directions in language teaching | |
| 500 | _aCataloging based on CIP information. | ||
| 500 | _aOriginally published in 1981. | ||
| 504 | _aBibliography: p. | ||
| 650 | 0 |
_aEnglish language _xStudy and teaching _xForeign speakers. |
|
| 650 | 0 | _aReading comprehension. | |
| 942 |
_2ddc _cBK |
||